000 00530nam a2200181 a 4500
001 BRCA_9152
005 20190320210535.0
008 070818s2014----sp-a######---#000-0#spa-#
041 _aspa
044 _asp
050 4 _aNK1443
_b.B54 4 2014
245 1 0 _a4ª [i.e. Cuarta] Bienal Iberoamericana de Diseño
_bImaginación colectiva.
260 _a[Madrid, España]
_bDIMAD : Central de Diseño
_c[2014]
300 _a343 p.
_bil. a color
_c22 cm.
650 1 4 _aDiseño
_zIberoamérica
_922570
740 0 _aBID 14
942 _2lcc
_cB
999 _c8799
_d8799